• 首页
  • 本馆介绍
  • 公告通知
  • 最新文献
  • 馆藏检索
  • 电子资源
  • 读者导购
  • 参考咨询
  • 我的图书馆
  • 登录
  • 详细信息显示
  • 放入我的书架
  • 预约/预借图书
  • 作者相关作品
  • 分类相关作品
  • 丛书相关作品
  • 出版社相关作品

书目信息

  • 表格格式
  • 工作单格式
  • 卡片格式
题名:
全国一级建造师考试教材精编
    
 
作者: 《全国一级建造师考试教材精编》编委会编
分册:   专业工程管理与实务(市政工程)
出版信息: 天津   天津科学技术出版社  2019
页数: 215页
开本: 26cm
丛书名:
单 册:
中图分类: TU-42 , TU99
科图分类:
主题词: 建筑师--资格考试--自学参考资料 , 市政工程--资格考试--自学参考资料
电子资源:
ISBN: 978-7-5576-2310-4
000 01060nam0 2200253 45
001 012001003182
005 20191204103313.00
010    @a978-7-5576-2310-4@dCNY159.00
100    @a20181129d2017 em y0chiy50 ea
101 0  @achi
102    @aCN@b120000
105    @ak z 000yy
106    @ar
200 1  @a全国一级建造师考试教材精编@9quan guo yi ji jian zao shi kao shi jiao cai jing bian@i专业工程管理与实务(市政工程)@f《全国一级建造师考试教材精编》编委会编
210    @a天津@c天津科学技术出版社@d2019
215    @a215页@d26cm
300    @a全国一级建造师执业资格考试辅导用书 美题教育
330    @a本书通过对历年市政工程考题的分析和研究,归纳总结命题率高的知识点,基本涵盖了考试命题的所有知识点;采用表格的形式对重难点内容进行了归纳总结和整理,包括市政公用工程技术、市政公用工程项目施工管理、市政公用工程项目施工相关法规与标准三部分内容。
606 0  @a建筑师@x资格考试@j自学参考资料
606 0  @a市政工程@x资格考试@j自学参考资料
690    @aTU-42@v5
690    @aTU99@v5
801  0 @aCN@b北京卓展@c20191020
905    @b1210677-9@dTU-42@e213@f3
    
    全国一级建造师考试教材精编.专业工程管理与实务(市政工程)/《全国一级建造师考试教材精编》编委会编.-天津:天津科学技术出版社,2019
    215页;26cm
    全国一级建造师执业资格考试辅导用书 美题教育
    
    ISBN 978-7-5576-2310-4:CNY159.00
    本书通过对历年市政工程考题的分析和研究,归纳总结命题率高的知识点,基本涵盖了考试命题的所有知识点;采用表格的形式对重难点内容进行了归纳总结和整理,包括市政公用工程技术、市政公用工程项目施工管理、市政公用工程项目施工相关法规与标准三部分内容。
●
相关链接 在E读中查询图书 在五车中查询图书 在当当中查询图书 在豆瓣中查询图书


正题名:全国一级建造师考试教材精编     索取号:TU-42/213         预约/预借

序号 登录号 条形码 馆藏地/架位号 状态 备注
1 1210677   212106772   第二样本阅览室/ [索取号:TU-42/213] 在馆    
2 1210678   212106781   第三借阅区/ [索取号:TU-42/213] 在馆    
3 1210679   212106790   第三借阅区/ [索取号:TU-42/213] 在馆    
唐山师范学院图书馆 欢迎您!
大连网信软件有限公司© 版权所有